| 000 | 00523nam a22001817a 4500 | ||
|---|---|---|---|
| 008 | 230328b |||||||| |||| 00| 0 eng d | ||
| 040 |
_aNational Science Library _cNational Science Library |
||
| 080 |
_aR 915.48K*K(030) _bK2 |
||
| 100 | _aMenon, A Sreedhara | ||
| 245 |
_aKerala district gazetteers: _bKozhikode |
||
| 260 |
_aTrivandrum: _bThe Superintendent of Government Presses, _c1962 |
||
| 300 | _a799p. | ||
| 650 | _aGeography | ||
| 653 | _aEducation | ||
| 653 | _aCulture | ||
| 700 | _ar | ||
| 942 |
_2udc _cREF |
||
| 999 |
_c15844 _d15844 |
||